Programming in C++: an introduction to programming and object-oriented design (Record no. 140663)

MARC details
000 -LEADER
fixed length control field 00444nam a2200157Ia 4500
008 - FIXED-LENGTH DATA ELEMENTS--GENERAL INFORMATION
fixed length control field 230917s9999||||xx |||||||||||||| ||und||
040 ## - CATALOGING SOURCE
-- 113722
Original cataloging agency VIVEKANANDA LIBRARY
041 ## - Language
-- English
082 ## - DDC NUMBER
Classification number 005.133 C661P
100 ## - MAIN ENTRY--PERSONAL NAME
Personal name Cohoon, James P
245 #0 - TITLE STATEMENT
Title Programming in C++: an introduction to programming and object-oriented design
250 ## - EDITION STATEMENT
Edition statement 3rd Ed
260 ## - PUBLICATION, DISTRIBUTION, ETC. (IMPRINT)
Place of publication, distribution, etc New Delhi
Name of publisher, distributor, etc Tata McGraw-Hill
Date of publication, distribution, etc 2002
300 ## - PHYSICAL DESCRIPTION
Pages xxviii p. ; 984p
942 ## - ADDED ENTRY ELEMENTS (KOHA)
Koha item type Books
Holdings
Withdrawn status Lost status Damaged status Not for loan Location (home branch) Sublocation or collection (holding branch) Date acquired Koha issues (times borrowed) Koha full call number Accession No. Koha date last seen Koha item type
        VIVEKANANDA LIBRARY VIVEKANANDA LIBRARY 03/06/2008 1 005.133 C661P 244883 27/09/2024 Books
        VIVEKANANDA LIBRARY VIVEKANANDA LIBRARY 03/06/2008   005.133 C661P 244884 17/09/2023 Books
        VIVEKANANDA LIBRARY VIVEKANANDA LIBRARY 03/06/2008   005.133 C661P 250908 17/09/2023 Books
        VIVEKANANDA LIBRARY VIVEKANANDA LIBRARY 03/06/2008   005.133 C661P 250909 17/09/2023 Books
© Designed and Maintained by Vivekananda Library, MDU Rohtak